¿Ars boni et aequi? : del derecho indiano a Nicolás Gómez Dávila /

Bibliographic Details
Main Author: Cuena Boy, Francisco, 1959- (Author)
Format: Electronic eBook
Language:Spanish
Published: Santiago, Chile : Ediciones Olejnik, [2018]
Series:Biblioteca de derecho global.
Subjects:
Online Access:Digitalia Hispánica

MARC

LEADER 00000nam a2200000Ii 4500
001 DIGOLEJNK0962
003 NyNyDIG
006 m o d
007 cr |||||||||||
008 221013s2018 cl o 000 0 spa d
035 |a (OCoLC)1350507082 
040 |a DGITA  |b eng  |e rda  |e pn  |c DGITA 
020 |z 9789563921632 
043 |a e-sp--- 
050 1 4 |a KG480 ebook 
100 1 |a Cuena Boy, Francisco,  |d 1959-  |e author. 
245 1 0 |a ¿Ars boni et aequi? :  |b del derecho indiano a Nicolás Gómez Dávila /  |c Francisco Cuena Boy. 
264 1 |a Santiago, Chile :  |b Ediciones Olejnik,  |c [2018] 
300 |a 1 online resource. 
336 |a text  |b txt  |2 rdacontent 
337 |a computer  |b c  |2 rdamedia 
338 |a online resource  |b cr  |2 rdacarrier 
347 |a text file  |2 rdaft 
347 |b PDF 
490 1 |a Biblioteca de derecho global 
588 0 |a Online resource; title from PDF title page (Digitalia, viewed October 13, 2022) 
600 1 0 |a Gómez Dávila, Nicolás,  |d 1913-1994  |x Criticism and interpretation. 
650 0 |a Law  |x Spain  |x Colonies. 
650 0 |a Law  |x Philosophy. 
655 0 |a Electronic books. 
791 2 |a Digitalia (Firm),  |e distributor. 
793 0 |g Digitalia eBook Collection:  |a Ediciones Olejnik 
776 0 8 |i Print version:  |a Cuena Boy, Francisco, 1959-  |t ¿Ars boni et aequi?  |b Primera edición.  |d Santiago, Chile : Ediciones Olejnik, 2018  |z 9789563921632 
830 0 |a Biblioteca de derecho global. 
856 4 0 |3 Digitalia Hispánica  |u https://www.digitaliapublishing.com/a/105020/ 
910 |a Premium collection: 2022